[Event "51smm A Richter/LASK-Deutschnofen"]
[Site "?"]
[Date "2020.01.11"]
[Round "5.5"]
[White "Tonina, Filippo"]
[Black "Billio, Atto"]
[Result "1-0"]
[WhiteElo "1965"]
[BlackElo "2033"]
[PlyCount "73"]
[EventDate "2020.01.11"]

{400MB, book.ctg} 1. d4 {[%emt 0:00:00]} 1... f5 {[%emt 0:00:00]} 2. Nc3 {
[%emt 0:00:00]} 2... Nf6 {[%emt 0:00:00]} 3. Bg5 {[%emt 0:00:00]} 3... d5 {
[%emt 0:00:00]} 4. e3 {[%emt 0:00:08]} 4... Be6 {[%emt 0:00:00]} 5. Nf3 {
[%emt 0:00:00]} 5... Nbd7 {[%emt 0:00:00]} 6. Ne2 {[%emt 0:00:00]} 6... h6 {
[%emt 0:00:00]} 7. Nf4 {[%emt 0:00:00]} 7... Bf7 {[%emt 0:00:00]} 8. Bxf6 {
[%emt 0:00:00]} 8... Nxf6 {[%emt 0:00:00]} 9. Ne5 {[%emt 0:00:00]} 9... g5 {
[%emt 0:00:00]} 10. Nxf7 {[%emt 0:00:00]} 10... Kxf7 {[%emt 0:00:00]} 11. Nd3 {
[%emt 0:00:00]} 11... e6 {[%emt 0:00:14]} 12. Ne5+ {[%emt 0:00:05]} 12... Kg7 {
[%emt 0:00:00]} 13. Bd3 {[%emt 0:00:00]} 13... Bd6 {[%emt 0:00:00]} 14. f4 {
[%emt 0:00:00]} 14... c5 {[%emt 0:00:00]} 15. c3 {[%emt 0:00:00]} 15... Qb6 {
[%emt 0:00:00]} 16. Qb3 {[%emt 0:00:00]} 16... Qxb3 {[%emt 0:00:00]} 17. axb3 {
[%emt 0:00:02]} 17... gxf4 {[%emt 0:00:16]} 18. exf4 {[%emt 0:00:02]} 18...
cxd4 {[%emt 0:00:00]} 19. cxd4 {[%emt 0:00:00]} 19... a5 {[%emt 0:00:30]} 20.
Ke2 {[%emt 0:00:17]} 20... b6 {[%emt 0:00:05]} 21. Rhc1 {[%emt 0:00:00]} 21...
Rhc8 {[%emt 0:00:05]} 22. g3 {[%emt 0:00:23]} 22... Bxe5 {[%emt 0:00:00]} 23.
fxe5 {[%emt 0:00:00]} 23... Ne4 {[%emt 0:00:00]} 24. Bb5 {[%emt 0:00:00]} 24...
Kf7 {[%emt 0:00:07]} 25. Bd7 {[%emt 0:00:00]} 25... Rxc1 {[%emt 0:00:00]} 26.
Rxc1 {[%emt 0:00:01]} 26... Ra7 {[%emt 0:00:03]} 27. Bc8 {[%emt 0:00:00]} 27...
a4 {[%emt 0:00:00]} 28. bxa4 {[%emt 0:00:00]} 28... Rxa4 {[%emt 0:00:00]} 29.
Rc7+ {[%emt 0:00:00]} 29... Kg6 {[%emt 0:00:00]} 30. Bxe6 {[%emt 0:00:00]}
30... Rxd4 {[%emt 0:00:00]} 31. Rc6 {[%emt 0:00:11]} 31... Rd2+ {[%emt 0:00:00]
} 32. Ke1 {[%emt 0:00:00]} 32... Rxb2 {[%emt 0:00:00]} 33. Bxd5+ {
[%emt 0:00:00]} 33... Kg5 {[%emt 0:00:00]} 34. h4+ {[%emt 0:00:00]} 34... Kg4 {
[%emt 0:00:00]} 35. Bxe4 {[%emt 0:00:00]} 35... fxe4 {[%emt 0:00:00]} 36. e6 {
[%emt 0:00:00]} 36... Kf3 {[%emt 0:00:00]} 37. e7 {[%emt 0:00:00]} 1-0

[Event "51smm A Richter/LASK-Deutschnofen"]
[Site "?"]
[Date "2020.01.11"]
[Round "5.6"]
[White "Buglisi, Massimo"]
[Black "Thurner, Markus"]
[Result "1-0"]
[WhiteElo "1930"]
[BlackElo "1892"]
[PlyCount "119"]
[EventDate "2020.01.11"]

{400MB, book.ctg} 1. e4 {[%emt 0:00:00]} 1... e6 {[%emt 0:00:00]} 2. d3 {
[%emt 0:00:00]} 2... d5 {[%emt 0:00:00]} 3. Nd2 {[%emt 0:00:05]} 3... c5 {
[%emt 0:00:00]} 4. Ngf3 {[%emt 0:00:00]} 4... Nc6 {[%emt 0:00:00]} 5. g3 {
[%emt 0:00:00]} 5... Be7 {[%emt 0:00:00]} 6. Bg2 {[%emt 0:00:00]} 6... Nf6 {
[%emt 0:00:00]} 7. O-O {[%emt 0:00:00]} 7... dxe4 {[%emt 0:00:00]} 8. dxe4 {
[%emt 0:00:00]} 8... O-O {[%emt 0:00:00]} 9. e5 {[%emt 0:00:00]} 9... Nd5 {
[%emt 0:00:00]} 10. Ne4 {[%emt 0:00:00]} 10... f6 {[%emt 0:00:00]} 11. exf6 {
[%emt 0:00:00]} 11... Nxf6 {[%emt 0:00:00]} 12. Nxf6+ {[%emt 0:00:00]} 12...
Bxf6 {[%emt 0:00:00]} 13. c3 {[%emt 0:00:00]} 13... e5 {[%emt 0:00:00]} 14. Be3
{[%emt 0:00:00]} 14... c4 {[%emt 0:00:00]} 15. Qa4 {[%emt 0:00:00]} 15... Be6 {
[%emt 0:00:00]} 16. Bc5 {[%emt 0:00:00]} 16... Re8 {[%emt 0:00:00]} 17. Rad1 {
[%emt 0:00:00]} 17... Qa5 {[%emt 0:00:00]} 18. Qxa5 {[%emt 0:00:08]} 18... Nxa5
{[%emt 0:00:00]} 19. Rfe1 {[%emt 0:00:04]} 19... Nc6 {[%emt 0:00:00]} 20. Nd2 {
[%emt 0:00:00]} 20... Rad8 {[%emt 0:00:00]} 21. Ne4 {[%emt 0:00:00]} 21... Rxd1
{[%emt 0:00:00]} 22. Rxd1 {[%emt 0:00:01]} 22... Be7 {[%emt 0:00:05]} 23. Bxe7
{[%emt 0:00:00]} 23... Rxe7 {[%emt 0:00:00]} 24. Nc5 {[%emt 0:00:00]} 24... Kf7
{[%emt 0:00:00]} 25. Nxe6 {[%emt 0:00:00]} 25... Kxe6 {[%emt 0:00:00]} 26. Bd5+
{[%emt 0:00:00]} 26... Kf5 {[%emt 0:00:00]} 27. Bxc4 {[%emt 0:00:24]} 27... e4
{[%emt 0:00:00]} 28. Rd5+ {[%emt 0:00:00]} 28... Ne5 {[%emt 0:00:00]} 29. Be2 {
[%emt 0:00:00]} 29... Kf6 {[%emt 0:00:00]} 30. Kg2 {[%emt 0:00:00]} 30... h6 {
[%emt 0:00:00]} 31. f4 {[%emt 0:00:00]} 31... exf3+ {[%emt 0:00:06]} 32. Bxf3 {
[%emt 0:00:03]} 32... Nxf3 {[%emt 0:00:00]} 33. Kxf3 {[%emt 0:00:01]} 33... Ke6
{[%emt 0:00:00]} 34. Rd4 {[%emt 0:00:00]} 34... Kf5 {[%emt 0:00:00]} 35. Rf4+ {
[%emt 0:00:00]} 35... Kg6 {[%emt 0:00:00]} 36. Re4 {[%emt 0:00:00]} 36... Rf7+
{[%emt 0:00:08]} 37. Ke2 {[%emt 0:00:00]} 37... h5 {[%emt 0:00:00]} 38. c4 {
[%emt 0:00:00]} 38... Rd7 {[%emt 0:00:00]} 39. Re5 {[%emt 0:00:00]} 39... Rd4 {
[%emt 0:00:00]} 40. b3 {[%emt 0:00:00]} 40... Rd7 {[%emt 0:00:07]} 41. h4 {
[%emt 0:00:15]} 41... Kh6 {[%emt 0:00:00]} 42. a3 {[%emt 0:00:00]} 42... a6 {
[%emt 0:00:00]} 43. Ke3 {[%emt 0:00:00]} 43... g6 {[%emt 0:00:00]} 44. Rd5 {
[%emt 0:00:00]} 44... Re7+ {[%emt 0:00:00]} 45. Kd4 {[%emt 0:00:00]} 45... Re1
{[%emt 0:00:00]} 46. Re5 {[%emt 0:00:00]} 46... Rd1+ {[%emt 0:00:08]} 47. Kc3 {
[%emt 0:00:32]} 47... Rd7 {[%emt 0:00:00]} 48. b4 {[%emt 0:00:00]} 48... Kg7 {
[%emt 0:00:00]} 49. a4 {[%emt 0:00:00]} 49... Kf6 {[%emt 0:00:09]} 50. Re3 {
[%emt 0:00:41]} 50... g5 {[%emt 0:00:00]} 51. c5 {[%emt 0:00:00]} 51... g4 {
[%emt 0:00:00]} 52. Kc4 {[%emt 0:00:00]} 52... Rd1 {[%emt 0:00:00]} 53. b5 {
[%emt 0:00:00]} 53... Rc1+ {[%emt 0:00:00]} 54. Rc3 {[%emt 0:00:00]} 54... Ra1
{[%emt 0:00:00]} 55. c6 {[%emt 0:00:00]} 55... axb5+ {[%emt 0:00:00]} 56. axb5
{[%emt 0:00:01]} 56... bxc6 {[%emt 0:00:04]} 57. b6 {[%emt 0:00:00]} 57... Ra8
{[%emt 0:00:00]} 58. Kc5 {[%emt 0:00:00]} 58... Rb8 {[%emt 0:00:08]} 59. Rd3 {
[%emt 0:01:59]} 59... Ke5 {[%emt 0:00:00]} 60. Re3+ {[%emt 0:00:00]} 1-0

[Event "51smm B Bruneck-Kaltern/Tramin2"]
[Site "?"]
[Date "2020.01.11"]
[Round "5.1"]
[White "Maier, Fridolin"]
[Black "Moling, Patrick"]
[Result "0-1"]
[WhiteElo "1805"]
[BlackElo "2055"]
[PlyCount "48"]
[EventDate "2020.01.11"]

1. e4 c5 2. Nc3 Nc6 3. f4 g6 4. Nf3 Bg7 5. Bb5 Nd4 6. O-O Nxb5 7. Nxb5 d6 8. d3
a6 9. Nc3 b5 10. Qe1 b4 11. Nd1 Bb7 12. f5 Nf6 13. Qh4 gxf5 14. Bh6 Bxh6 15.
Qxh6 fxe4 16. Ng5 Qd7 17. Ne3 exd3 18. cxd3 Rg8 19. Nc4 Qg4 20. Nxd6+ exd6 21.
Rae1+ Kd7 22. Re7+ Kxe7 23. Qxf6+ Kd7 24. Qxf7+ Kc6 0-1

[Event "51smm B Bruneck-Kaltern/Tramin2"]
[Site "?"]
[Date "2020.01.11"]
[Round "5.2"]
[White "Peintner, Andreas"]
[Black "Dibiasi, Rainer"]
[Result "0-1"]
[WhiteElo "1926"]
[BlackElo "1822"]
[PlyCount "84"]
[EventDate "2020.01.11"]

1. d4 Nf6 2. c4 c5 3. Nf3 cxd4 4. Nxd4 Nc6 5. Nc3 g6 6. e4 d6 7. Be2 Bg7 8. Be3
Bd7 9. O-O O-O 10. f3 a6 11. Qd2 Rc8 12. Rac1 Ne5 13. b3 Ne8 14. Rfd1 e6 15.
Kh1 Qe7 16. f4 Nc6 17. Nf3 Nb8 18. e5 dxe5 19. Nxe5 Bc6 20. Nxc6 bxc6 21. Ne4
Nf6 22. Nd6 Rcd8 23. c5 Nd5 24. Bd4 e5 25. fxe5 Bxe5 26. Bxe5 Qxe5 27. Bc4 Ne3
28. Qe2 Nxc4 29. Qxc4 Rd7 30. Rf1 Re7 31. Rc2 Kg7 32. h3 Nd7 33. b4 f5 34. Qxa6
Nf6 35. Qd3 Nh5 36. Qc3 Ng3+ 37. Kg1 Qxc3 38. Rxc3 Ne2+ 39. Kf2 Nxc3 40. b5
Ne4+ 41. Kg1 Nxd6 42. cxd6 Rd7 0-1

[Event "51smm B Bruneck-Kaltern/Tramin2"]
[Site "?"]
[Date "2020.01.11"]
[Round "5.3"]
[White "Unterkofler, Alex"]
[Black "Balzarini, Franco"]
[Result "1-0"]
[WhiteElo "1695"]
[BlackElo "1832"]
[PlyCount "99"]
[EventDate "2020.01.11"]

1. e4 c5 2. c3 e6 3. d4 Qc7 4. Na3 a6 5. Qa4 b6 6. d5 exd5 7. exd5 Qe5+ 8. Be2
Qxd5 9. Bf3 Qe6+ 10. Ne2 Nc6 11. Nb5 Bd6 12. Bg4 Qf6 13. Bg5 Qg6 14. Bf5 Qxg5
15. Nxd6+ Ke7 16. Rd1 Nf6 17. h4 Qxg2 18. Rg1 Qh2 19. Rxg7 Rf8 20. Rd3 Ne5 21.
Nxc8+ Rfxc8 22. Rh3 Nd3+ 23. Rxd3 b5 24. Qd1 Kf8 25. Rdg3 Qh1+ 26. Rg1 Qc6 27.
Qb3 c4 28. Qb4+ Qc5 29. Bxh7 Qxb4 30. cxb4 a5 31. bxa5 Ke7 32. a3 Rxa5 33. Nc3
d5 34. Bf5 Rh8 35. Rh1 d4 36. Ne2 d3 37. Nd4 Ra6 38. Bg6 b4 39. Rxf7+ Kd8 40.
Kd2 Nd5 41. Bf5 Ne7 42. axb4 Ke8 43. Rg7 Kf8 44. Rhg1 Rf6 45. Bd7 Rhh6 46. Kc3
Ng6 47. Ne6+ Rxe6 48. Bxe6 Kxg7 49. Bf5 Rxh4 50. Rxg6+ 1-0

[Event "51smm B Bruneck-Kaltern/Tramin2"]
[Site "?"]
[Date "2020.01.11"]
[Round "5.4"]
[White "Niederkofler, Andreas"]
[Black "Florian, Andreas"]
[Result "1/2-1/2"]
[WhiteElo "1805"]
[BlackElo "1535"]
[PlyCount "105"]
[EventDate "2020.01.11"]

1. e4 e6 2. d4 d5 3. Nc3 Nf6 4. e5 Nfd7 5. f4 c5 6. Nf3 Nc6 7. Be3 Qb6 8. Na4
Qa5+ 9. c3 cxd4 10. b4 Qc7 11. Nxd4 a6 12. Bd3 b5 13. Nb2 Ncxe5 14. O-O Nxd3
15. Qxd3 Bb7 16. a4 bxa4 17. Rxa4 Bd6 18. Ra3 O-O 19. Nb3 e5 20. Qd2 exf4 21.
Bxf4 Bxf4 22. Rxf4 Nf6 23. Nd4 Ne4 24. Qd3 Rac8 25. Na4 Rfe8 26. Qf3 Nd2 27.
Qf2 Ne4 28. Qf3 Bc6 29. Nc5 Nxc5 30. bxc5 Bb5 31. Ra1 Qxc5 32. Rxf7 Qxc3 33.
Qxc3 Rxc3 34. Nxb5 axb5 35. Raa7 Rc1+ 36. Kf2 Rc2+ 37. Kg3 Re3+ 38. Kf4 Rf2+
39. Kxe3 Rxf7 40. Ra8+ Rf8 41. Ra5 Rb8 42. Kd4 b4 43. Kxd5 Rd8+ 44. Kc4 Rd2 45.
Rg5 Kf7 46. Kxb4 Kf6 47. Rg3 g5 48. Kc3 Rf2 49. Kd3 h5 50. h3 Ra2 51. Ke4 Ra4+
52. Kf3 Ra3+ 53. Kf2 1/2-1/2

[Event "51smm B Bruneck-Kaltern/Tramin2"]
[Site "?"]
[Date "2020.01.11"]
[Round "5.5"]
[White "Martinelli, Michele"]
[Black "De Nicolo, Werner"]
[Result "0-1"]
[WhiteElo "1628"]
[BlackElo "1498"]
[PlyCount "94"]
[EventDate "2020.01.11"]

1. Nf3 d5 2. g3 c5 3. Bg2 Nf6 4. O-O e6 5. d3 Be7 6. Nbd2 O-O 7. e4 dxe4 8.
Nxe4 Nxe4 9. dxe4 Qxd1 10. Rxd1 b6 11. Bf4 Nc6 12. Rd2 Rd8 13. Rad1 Ba6 14. c3
Rxd2 15. Rxd2 Rd8 16. Rxd8+ Bxd8 17. Ne5 Nxe5 18. Bxe5 Bd3 19. Bd6 f6 20. f4
Kf7 21. e5 Bc4 22. b3 Bd3 23. Bb8 a6 24. Bd6 fxe5 25. fxe5 Bg5 26. Bc7 Be3+ 27.
Kh1 b5 28. Bb6 Bd2 29. Bxc5 Bxc3 30. Bd6 b4 31. a3 a5 32. axb4 axb4 33. Bf3 Bc2
34. Kg2 Bxb3 35. Be4 Bd5 36. Bxd5 exd5 37. Kf3 Ke6 38. Ke3 b3 39. Kd3 Bxe5 40.
Bb4 b2 41. Kc2 Kf5 42. Be1 Kg4 43. Bd2 Kh3 44. Bf4 Bxf4 45. gxf4 Kg4 46. f5
Kxf5 47. Kxb2 Kg4 0-1

[Event "51smm B Gries-Ridnaun"]
[Site "?"]
[Date "2020.01.11"]
[Round "5.2"]
[White "Zammarchi, Massimo"]
[Black "Helfer, August"]
[Result "1-0"]
[WhiteElo "1932"]
[BlackElo "1628"]
[PlyCount "48"]
[EventDate "2020.01.11"]

1. e4 d6 2. d4 g6 3. Nc3 Bg7 4. Be3 e6 5. Qd2 Nd7 6. O-O-O a6 7. f4 Ne7 8. h4
h5 9. Nf3 b5 10. Ng5 Bb7 11. Be2 Nf6 12. Bf3 Rc8 13. a3 c6 14. Qe2 Qc7 15. Rhe1
c5 16. e5 Bxf3 17. Qxf3 Nfd5 18. Nxd5 Nxd5 19. exd6 Qxd6 20. dxc5 Qc7 21. Qe4
Nxe3 22. Nxe6 fxe6 23. Qxe6+ Kf8 24. Rd7 Re8 1-0

[Event "51smm B Klausen2-Groeden2"]
[Site "?"]
[Date "2020.01.11"]
[Round "5.1"]
[White "Casadio, Lorenzo"]
[Black "Sigmund, Ingenuin"]
[Result "1-0"]
[WhiteElo "1771"]
[BlackElo "1701"]
[PlyCount "77"]
[EventDate "2020.01.11"]

1. d4 Nf6 2. c4 e6 3. Nf3 Bb4+ 4. Bd2 Qe7 5. Qc2 d5 6. Bxb4 Qxb4+ 7. Nbd2 dxc4
8. a3 Qa5 9. Qxc4 O-O 10. b4 Qb6 11. e4 a5 12. b5 c6 13. Rb1 Bd7 14. Ne5 Qd8
15. a4 cxb5 16. axb5 a4 17. Bd3 Qa5 18. Ke2 Rc8 19. Qb4 Be8 20. Ndc4 Qxb4 21.
Rxb4 Nbd7 22. Nd6 Rcb8 23. Nec4 Nf8 24. Ra1 Ng6 25. g3 Bd7 26. Rbxa4 Rxa4 27.
Rxa4 Ne8 28. Ra7 Nxd6 29. Nxd6 e5 30. d5 Kf8 31. Rxb7 Rxb7 32. Nxb7 Ne7 33. Kd2
Nc8 34. Kc3 Ke7 35. Kb4 Bg4 36. Kc5 Kd7 37. b6 Ne7 38. Bb5+ Kc8 39. Nd6+ 1-0

[Event "51smm B Klausen2-Groeden2"]
[Site "?"]
[Date "2020.01.11"]
[Round "5.2"]
[White "Blasbichler, Robert"]
[Black "Scola, Matteo"]
[Result "1-0"]
[WhiteElo "1617"]
[BlackElo "1746"]
[PlyCount "81"]
[EventDate "2020.01.11"]

1. e4 {[%emt 0:00:00]} 1... c5 {[%emt 0:00:00]} 2. Nf3 {[%emt 0:00:03]} 2... e6
{[%emt 0:00:00]} 3. d4 cxd4 4. Nxd4 a6 5. c4 Nf6 6. Bd3 Nc6 7. Nf3 Qc7 8. Nc3
b6 9. a3 Bb7 10. O-O Be7 11. h3 O-O 12. Re1 d6 13. Be3 Rac8 14. Rc1 Rfd8 15.
Qb3 Nd7 16. Nd5 exd5 17. cxd5 Nc5 18. Bxc5 dxc5 19. dxc6 Qxc6 20. Bc4 Qf6 21.
Qe3 b5 22. Bd5 Rd7 23. Bxb7 Rxb7 24. e5 Qe6 25. Red1 Rd7 26. Qe2 Rcd8 27. Kf1
h6 28. Ke1 Qb3 29. Rxd7 Rxd7 30. Qc2 Rd3 31. Qxb3 Rxb3 32. Rc2 Kf8 33. Ke2 c4
34. Nd4 Rd3 35. Rd2 Rxd2+ 36. Kxd2 Bc5 37. Kc3 Ke8 38. f4 Kd7 39. g4 g6 40. f5
a5 41. Nxb5 1-0

[Event "51smm B Klausen2-Groeden2"]
[Site "?"]
[Date "2020.01.11"]
[Round "5.3"]
[White "Knottner, Klaus"]
[Black "Rabanser, Harald"]
[Result "1/2-1/2"]
[WhiteElo "1627"]
[BlackElo "1552"]
[PlyCount "90"]
[EventDate "2020.01.11"]

1. e4 c5 2. Nf3 Nc6 3. d4 cxd4 4. Nxd4 e6 5. Nc3 Bb4 6. Ndb5 a6 7. Nd6+ Bxd6 8.
Qxd6 Qe7 9. Qg3 f6 10. a3 Nd4 11. Bd3 Qf7 12. Be3 Nc6 13. Na4 b5 14. Nb6 Rb8
15. Qc7 Nge7 16. Nxc8 Rxc8 17. Qb6 Nb8 18. a4 O-O 19. axb5 axb5 20. Qxb5 Nbc6
21. Qb3 Rb8 22. Qc3 Rfc8 23. O-O Ne5 24. Qa3 Nxd3 25. cxd3 e5 26. b4 d5 27. Bc5
d4 28. Qa7 Nc6 29. Qxf7+ Kxf7 30. Rfb1 Rb5 31. g3 Rcb8 32. Ra4 Nd8 33. Ra7+
R8b7 34. Rba1 Nc6 35. Rxb7+ Rxb7 36. Ra4 Nd8 37. f4 Ne6 38. f5 Nxc5 39. bxc5
Rc7 40. Rc4 Ke7 41. Kf2 Kd7 42. h4 Kc6 43. g4 Rb7 44. Rc2 Rb3 45. Ke2 Rb1
1/2-1/2

[Event "51smm B Klausen2-Groeden2"]
[Site "?"]
[Date "2020.01.11"]
[Round "5.4"]
[White "Steger, Andreas"]
[Black "Kasslatter, Matthias"]
[Result "0-1"]
[WhiteElo "1531"]
[BlackElo "1493"]
[PlyCount "62"]
[EventDate "2020.01.11"]

1. Nf3 Nf6 2. d4 d5 3. e3 e6 4. Bd3 Be7 5. O-O O-O 6. Nbd2 c5 7. c3 c4 8. Bc2
Nc6 9. e4 Qc7 10. Re1 b5 11. a3 a5 12. exd5 Nxd5 13. a4 b4 14. Nxc4 bxc3 15.
bxc3 Nxc3 16. Qd3 g6 17. Qxc3 Bb4 18. Qd3 Bxe1 19. Nxe1 Nb4 20. Qf3 Bb7 21. Qf6
Nd5 22. Qe5 Qxc4 23. Bh6 f6 24. Qxe6+ Rf7 25. Rb1 Qc6 26. Qg4 f5 27. Qf3 Re7
28. Bb3 Rae8 29. Nd3 Re4 30. Ne5 Qc7 31. Rc1 Qxc1+ 0-1

[Event "51smm B Klausen2-Groeden2"]
[Site "?"]
[Date "2020.01.11"]
[Round "5.5"]
[White "Klassen, Tobias"]
[Black "Hartmann, Alois Eugen"]
[Result "1-0"]
[WhiteElo "1279"]
[BlackElo "1462"]
[PlyCount "41"]
[EventDate "2020.01.11"]

1. d4 d5 2. Nc3 Nf6 3. Bf4 e6 4. Nb5 Bd6 5. Nxd6+ cxd6 6. e3 Qb6 7. Rb1 O-O 8.
Bd3 Nbd7 9. Nf3 h6 10. g4 g5 11. Bg3 Ne4 12. h4 Nxg3 13. fxg3 f6 14. Qe2 Kg7
15. Qh2 Kf7 16. hxg5 hxg5 17. Qh7+ Ke8 18. Qg7 Kd8 19. Rh7 e5 20. Bf5 Qb5 21.
Qe7+ 1-0

[Event "51smm B Taufers-Steinegg"]
[Site "?"]
[Date "2020.01.11"]
[Round "5.2"]
[White "Forer, Erich"]
[Black "Pichler, Martin"]
[Result "0-1"]
[WhiteElo "1812"]
[BlackElo "1835"]
[PlyCount "76"]
[EventDate "2020.01.11"]

1. d4 g6 2. Nf3 Bg7 3. Bf4 d6 4. c4 Nd7 5. e3 e5 6. Bg3 Qe7 7. Nc3 c6 8. Be2
Nh6 9. h3 O-O 10. O-O f5 11. b4 Nf7 12. c5 d5 13. b5 e4 14. Nd2 Nxc5 15. bxc6
bxc6 16. Rc1 Ne6 17. Qa4 Bd7 18. Qa6 g5 19. Nb3 f4 20. Bh2 Qf6 21. Qb7 Rfd8 22.
Nxd5 cxd5 23. Qxd5 Qg6 24. Bg4 Nh6 25. Be2 Kh8 26. Nd2 Rab8 27. Qa5 Nf5 28. Bg4
Nh4 29. exf4 gxf4 30. Qh5 Nxd4 31. Qxh4 Bxg4 32. hxg4 Ne2+ 33. Kh1 Nxc1 34.
Rxc1 Rxd2 35. Bxf4 Rxa2 36. Rc7 Qf6 37. Qg3 Ra1+ 38. Kh2 Qxf4 0-1

[Event "51smm B Ridnaun-Bruneck"]
[Site "?"]
[Date "2020.01.18"]
[Round "2.3"]
[White "Niederkofler, Andreas"]
[Black "Helfer, August"]
[Result "1-0"]
[WhiteElo "1805"]
[BlackElo "1628"]
[PlyCount "69"]
[EventDate "2020.01.18"]

1. e4 d6 2. Nc3 g6 3. f4 e6 4. Nf3 Bg7 5. Bc4 Ne7 6. Bb3 b6 7. a4 a6 8. O-O O-O
9. d3 c5 10. Qe1 Nbc6 11. Ne2 Bb7 12. c3 b5 13. Qh4 d5 14. Rd1 Qc7 15. f5 exf5
16. exd5 Na5 17. Bf4 Qb6 18. Ba2 Bxd5 19. Qxe7 Bxa2 20. Rxa2 Rfe8 21. Qc7 Qe6
22. Nc1 Nc6 23. axb5 axb5 24. Rxa8 Rxa8 25. Qd6 Re8 26. Qxe6 fxe6 27. Re1 Kf7
28. Ne5+ Nxe5 29. Bxe5 Bh6 30. d4 Rc8 31. Nb3 c4 32. Nc5 Re8 33. Ra1 Bf8 34.
Ra7+ Be7 35. Kf2 1-0

[Event "51smm A Deutschnofen-Ehrenburg"]
[Site "?"]
[Date "2020.01.25"]
[Round "6.1"]
[White "Hengl, Christian"]
[Black "Dappiano, Andrea"]
[Result "0-1"]
[WhiteElo "2156"]
[BlackElo "2272"]
[PlyCount "117"]
[EventDate "2020.01.25"]

1. e4 e6 2. d4 d5 3. exd5 exd5 4. Bd3 Bd6 5. Ne2 Nf6 6. O-O O-O 7. Bf4 Bg4 8.
f3 Bh5 9. Re1 Nc6 10. c3 Re8 11. Qd2 Bg6 12. Bxd6 Qxd6 13. Bxg6 hxg6 14. Na3
Ne7 15. Ng3 Nf5 16. Nxf5 gxf5 17. Nc2 a5 18. Qg5 f4 19. g3 fxg3 20. hxg3 Nh7
21. Qg4 Qh6 22. Qh4 Qd2 23. Qh2 Qd3 24. Qf2 Ng5 25. Kg2 Nxf3 26. Qxf3 Qxc2+ 27.
Qf2 Qg6 28. Qf3 c6 29. Re2 Re4 30. Rxe4 dxe4 31. Qf4 Re8 32. Re1 Qe6 33. a3 a4
34. g4 e3 35. Re2 b5 36. Kg3 f6 37. Qf5 Qd6+ 38. Kf3 Qd5+ 39. Kg3 Qd6+ 40. Kf3
Qd5+ 41. Kg3 Kf7 42. Qd3 Qe4 43. Qd1 g5 44. Qf1 Rh8 45. Qf5 Qxf5 46. gxf5 Re8
47. Kf3 Kg7 48. Kg4 Re4+ 49. Kf3 Rf4+ 50. Kg3 Rxf5 51. Rxe3 Kf7 52. Re2 Rf4 53.
b3 axb3 54. Rb2 Re4 55. Rxb3 Re3+ 56. Kf2 Rh3 57. Kg2 Rd3 58. Kf2 g4 59. Ke2
0-1

[Event "51smm A Deutschnofen-Ehrenburg"]
[Site "?"]
[Date "2020.01.25"]
[Round "6.2"]
[White "Micheli, Carlo"]
[Black "Jedinger, Andreas"]
[Result "0-1"]
[WhiteElo "2236"]
[BlackElo "2099"]
[PlyCount "68"]
[EventDate "2020.01.25"]

1. e4 e5 2. Nf3 Nc6 3. Bb5 a6 4. Ba4 Nf6 5. d3 b5 6. Bb3 Be7 7. O-O d6 8. c3
Na5 9. Bc2 c5 10. a4 Bb7 11. Nbd2 O-O 12. Re1 g6 13. Nf1 Nh5 14. Bh6 Re8 15.
Qc1 b4 16. g4 Ng7 17. Ne3 bxc3 18. bxc3 Rb8 19. Ra3 Bf8 20. Nd5 Bxd5 21. exd5
Qd7 22. h3 Qb7 23. c4 Qb2 24. Bd2 e4 25. Ng5 exd3 26. Rxe8 Qxc1+ 27. Bxc1 Rxe8
28. Be3 dxc2 29. Rc3 Rb8 30. Rxc2 Rb4 31. Bd2 Rxa4 32. Ne4 Ne8 33. Bxa5 Rxa5
34. Rb2 Be7 0-1

[Event "51smm A Deutschnofen-Ehrenburg"]
[Site "?"]
[Date "2020.01.25"]
[Round "6.3"]
[White "Steger, Gerhard"]
[Black "Gallana, Marco"]
[Result "0-1"]
[WhiteElo "1909"]
[BlackElo "2192"]
[PlyCount "59"]
[EventDate "2020.01.25"]

1. e4 c5 2. Nc3 d6 3. f4 g6 4. Nf3 Bg7 5. Bc4 Nc6 6. d3 e6 7. f5 gxf5 8. O-O
Nge7 9. Ng5 h6 10. Nxf7 Bd4+ 11. Kh1 Kxf7 12. Qh5+ Kg7 13. exf5 d5 14. Bxd5
exd5 15. f6+ Bxf6 16. Rxf6 Kxf6 17. Bxh6 Bf5 18. Qg5+ Ke6 19. g4 Bg6 20. Re1+
Kd7 21. Nxd5 Nxd5 22. Qxd5+ Kc7 23. Bf4+ Kb6 24. Qb3+ Ka6 25. Qc4+ b5 26. Qxc5
Qb6 27. Qa3+ Qa5 28. Qxa5+ Kxa5 29. Re6 Be8 30. d4 0-1

[Event "51smm A Deutschnofen-Ehrenburg"]
[Site "?"]
[Date "2020.01.25"]
[Round "6.4"]
[White "Tonina, Filippo"]
[Black "Babinetz, Rainer"]
[Result "0-1"]
[WhiteElo "1965"]
[BlackElo "1940"]
[PlyCount "124"]
[EventDate "2020.01.25"]

1. d4 d5 2. c4 Nc6 3. Nc3 dxc4 4. e3 e5 5. d5 Nb4 6. Bxc4 Nf6 7. a3 Na6 8. b4
c5 9. dxc6 Qxd1+ 10. Nxd1 bxc6 11. Bb2 Bd6 12. Nf3 Nd7 13. O-O f6 14. Nc3 Nb6
15. Ba2 Ke7 16. Rfd1 Be6 17. Bxe6 Kxe6 18. Ne4 Be7 19. Rac1 Rac8 20. Rc2 c5 21.
Nxc5+ Nxc5 22. bxc5 Rxc5 23. Rxc5 Bxc5 24. Rc1 Na4 25. Rc4 Rb8 26. g4 Rxb2 27.
Rxa4 Ra2 28. Ra6+ Kd5 29. Ra5 Rxa3 30. Rb5 Kc6 31. Rb8 Ra1+ 32. Kg2 Ra4 33. g5
Rb4 34. Rh8 a5 35. Rxh7 a4 36. Rxg7 e4 37. Nd4+ Bxd4 38. exd4 fxg5 39. Rxg5 Kb6
40. Rg6+ Ka5 41. Rg8 Rxd4 42. Ra8+ Kb4 43. h4 a3 44. h5 Rd5 45. Re8 Rg5+ 46.
Kf1 Rxh5 47. Rxe4+ Kb5 48. Kg2 Rg5+ 49. Kh2 a2 50. Re1 Kc6 51. Re6+ Kb7 52.
Re7+ Ka6 53. Re6+ Ka5 54. Re1 Rb5 55. Ra1 Rb2 56. Kg3 Ka4 57. f4 Kb3 58. f5 Rb1
59. Rxa2 Kxa2 60. Kg4 Kb3 61. f6 Kc4 62. Kg5 Kd5 0-1

[Event "51smm A Deutschnofen-Ehrenburg"]
[Site "?"]
[Date "2020.01.25"]
[Round "6.5"]
[White "Gruber, Alexander"]
[Black "Thurner, Markus"]
[Result "1/2-1/2"]
[WhiteElo "1828"]
[BlackElo "1892"]
[PlyCount "49"]
[EventDate "2020.01.25"]

1. d4 e6 2. c4 f5 3. Nc3 Nf6 4. e3 Bb4 5. Bd2 O-O 6. f4 b6 7. Nf3 Bb7 8. Be2
Bxc3 9. Bxc3 Ne4 10. O-O d6 11. Nd2 Nd7 12. Bf3 Ndf6 13. Nxe4 Bxe4 14. Qe2 Qe7
15. Rfd1 Bxf3 16. gxf3 Nh5 17. Kh1 Rf6 18. Rg1 Rh6 19. Rg2 Rf8 20. Rag1 Rff6
21. b3 Rfg6 22. Rg5 Qd7 23. Qd3 d5 24. Bd2 Nf6 25. R1g2 1/2-1/2

[Event "51smm A Deutschnofen-Ehrenburg"]
[Site "?"]
[Date "2020.01.25"]
[Round "6.6"]
[White "Hofer, Alois"]
[Black "Mairhofer, Lino"]
[Result "1/2-1/2"]
[WhiteElo "1679"]
[BlackElo "1723"]
[PlyCount "39"]
[EventDate "2020.01.25"]

1. c4 Nf6 2. Nc3 g6 3. e3 d6 4. Be2 Bg7 5. d4 Nbd7 6. Nf3 c6 7. O-O O-O 8. b3
e5 9. Bb2 Qc7 10. Nd2 Ne8 11. d5 f5 12. e4 Ndf6 13. Bd3 f4 14. Nf3 c5 15. Ne2
h6 16. Nh4 Qf7 17. h3 g5 18. Nf3 Qg6 19. Nh2 h5 20. f3 1/2-1/2

[Event "51smm A Kaltern/Tramin-Klausen"]
[Site "?"]
[Date "2020.01.25"]
[Round "6.1"]
[White "Schacher, Gerd"]
[Black "Barp, Alberto"]
[Result "1-0"]
[WhiteElo "2278"]
[BlackElo "2404"]
[PlyCount "65"]
[EventDate "2020.01.25"]

1. c4 e5 2. Nc3 Bb4 3. Nd5 a5 4. Nf3 d6 5. a3 Bc5 6. d4 exd4 7. Nxd4 c6 8. Nc3
Nf6 9. Bg5 h6 10. Bh4 a4 11. e3 g5 12. Bg3 Qb6 13. Qd2 Nh5 14. Be2 Nxg3 15.
hxg3 Bxd4 16. exd4 Nd7 17. Ne4 d5 18. Nxg5 Nf6 19. Qf4 Ke7 20. O-O-O hxg5 21.
Qe5+ Be6 22. c5 Qd8 23. Qxg5 b6 24. f4 Qc7 25. cxb6 Qxb6 26. Rxh8 Rxh8 27. f5
Bd7 28. Bf3 Qd8 29. g4 Kf8 30. Re1 Bc8 31. Qf4 Rg8 32. Kb1 Qd7 33. Qh6+ 1-0